000 00624nam a2200217Ii 4500
003 JO-AjNU
008 230606s9999||||xx |||||||||||||| ||und||
020 _a0-13-086915-5
040 _aJO-AjNU
_beng
_erda
_cJO-AjNU
041 _aeng
050 1 4 _aHF5667.A69 2000
100 3 _aARENS, ALVIN A., JAMES K. LOBBECKE,
_eauthor
_96777
245 0 0 _aAuditing :An Integrated Approach
250 _a8th ed
264 3 1 _aUpper Saddle River: prentice Hall, 1986
300 _a828p
336 _atext
_btxt
_2rdacontent
337 _aunmediated
_bn
_2rdamedia
338 _avolume
_bnc
_2rdacarrier
650 4 _aAuditing
_96778
999 _aE3528
_c3513
_d3513